| 000 | 00342nam a22001457a 4500 | ||
|---|---|---|---|
| 003 | OSt | ||
| 005 | 20160727222409.0 | ||
| 008 | 160624b xxu||||| |||| 00| 0 eng d | ||
| 040 | _cTest | ||
| 100 |
_9941 _aPower, N |
||
| 245 | _aThe Forgotten Kingdom | ||
| 260 |
_aCan _b Paideia Press _c1981 |
||
| 300 | _aThe Forgotten Kingdom | ||
| 942 |
_2ddc _cBK |
||
| 999 |
_c750 _d750 |
||